[Event "4NCL Division 1c"]
[Site "Telford, ENG"]
[Date "2019.03.17"]
[Round "8.17"]
[White "Paehtz, Elisabeth"]
[Black "Golding, Alex"]
[Result "1-0"]
[WhiteElo "2448"]
[BlackElo "2236"]
[PlyCount "153"]
[EventDate "2019.03.17"]
[WhiteTeam "Guildford 1"]
[BlackTeam "Guildford 2"]

1. d4 Nf6 2. Nf3 d5 3. c4 c6 4. g3 Bf5 5. Qb3 Qc8 6. Nc3 e6 7. Bg2 Bd6 8. Nh4
Bg6 9. O-O Nbd7 10. Re1 O-O 11. Nxg6 hxg6 12. e4 dxe4 13. Nxe4 Nxe4 14. Bxe4
Nf6 15. Bf3 Re8 16. Bg5 Qd7 17. Rad1 Rac8 18. Qd3 Nh7 19. Bd2 Rcd8 20. Bc3 g5
21. Kg2 g6 22. h3 f5 23. Rd2 Be7 24. Qc2 Bf6 25. Qb3 Qg7 26. c5 Nf8 27. Qc4 Re7
28. b4 a6 29. a4 Red7 30. Red1 Qh6 31. g4 Rh7 32. Rh1 Qg7 33. Rd3 Qd7 34. Rhd1
Re7 35. Qb3 Bg7 36. Re3 Nh7 37. Rde1 Nf8 38. Rd1 Nh7 39. Rde1 Nf8 40. Kg1 Qe8
41. Rd1 Qf7 42. b5 axb5 43. axb5 cxb5 44. Qxb5 Nh7 45. Qb6 Rde8 46. d5 Bxc3 47.
d6 Rd7 48. Rxc3 fxg4 49. c6 bxc6 50. Bxc6 gxh3 51. Bxd7 Qxd7 52. Rc7 Qa4 53.
Qd4 Qxd4 54. Rxd4 Rd8 55. Re7 Nf6 56. Rxe6 Kf7 57. Re7+ Kf8 58. Ra7 g4 59. Kh2
g5 60. Rb7 Ra8 61. Rc4 Rd8 62. Kg3 Rxd6 63. Rc8+ Ne8 64. Rh7 Re6 65. Kxg4 Kg8
66. Rxh3 Kf7 67. Kxg5 Rg6+ 68. Kf4 Rf6+ 69. Kg3 Nd6 70. Rc7+ Kg6 71. Kg2 Nf5
72. Rc4 Kg5 73. Ra4 Rb6 74. Rd3 Rb5 75. Kh3 Rb6 76. Rd5 Kf6 77. Rf4 1-0

[Event "4NCL Division 1c"]
[Site "Telford, ENG"]
[Date "2019.03.17"]
[Round "8.18"]
[White "Emerson, Roger"]
[Black "Hebden, Mark L"]
[Result "0-1"]
[WhiteElo "2173"]
[BlackElo "2417"]
[PlyCount "86"]
[EventDate "2019.03.17"]
[WhiteTeam "Guildford 2"]
[BlackTeam "Guildford 1"]

1. e4 e5 2. Nf3 Nc6 3. d4 exd4 4. c3 d5 5. exd5 Qxd5 6. cxd4 Bg4 7. Be2 Bb4+ 8.
Nc3 Bxf3 9. Bxf3 Qc4 10. Bxc6+ bxc6 11. Qe2+ Qxe2+ 12. Kxe2 Ne7 13. Be3 Kd7 14.
Rhd1 Nd5 15. Nxd5 cxd5 16. Bf4 Rhb8 17. Rab1 a5 18. Rdc1 Ra7 19. Rc2 Rb6 20.
Rbc1 c6 21. Kd3 Rab7 22. Rd1 a4 23. Bc1 Be7 24. g4 Rb4 25. Ke3 Rb8 26. a3 Rb3+
27. Ke2 Bd6 28. f3 g5 29. Rd3 Bxh2 30. Rxb3 axb3 31. Rc5 Bc7 32. Kd3 f6 33. Bd2
h5 34. gxh5 Rh8 35. Rc3 Rxh5 36. Rxb3 Rh3 37. Kc2 Rh1 38. Rd3 Rh2 39. b4 f5 40.
Kc3 g4 41. fxg4 fxg4 42. a4 g3 43. Rf3 Rf2 0-1

[Event "4NCL Division 1c"]
[Site "Telford, ENG"]
[Date "2019.03.17"]
[Round "8.21"]
[White "Tan, Justin"]
[Black "Gormally, Daniel W"]
[Result "1-0"]
[WhiteElo "2517"]
[BlackElo "2510"]
[PlyCount "97"]
[EventDate "2019.03.17"]
[WhiteTeam "Wood Green"]
[BlackTeam "Blackthorne Russia"]

1. e4 c5 2. Nf3 d6 3. d4 cxd4 4. Nxd4 Nf6 5. Nc3 a6 6. Nb3 e6 7. g4 h6 8. h4 d5
9. Bg2 d4 10. Nxd4 e5 11. Nf5 Qxd1+ 12. Nxd1 Nxg4 13. Nde3 Nxe3 14. Nxe3 Be6
15. Bh3 Bxh3 16. Rxh3 Nc6 17. Nd5 O-O-O 18. c3 f5 19. f3 Ne7 20. Nb6+ Kc7 21.
Be3 Rd6 22. Nc4 Re6 23. a4 fxe4 24. fxe4 Ng8 25. O-O-O Nf6 26. Rf3 b5 27. axb5
axb5 28. Nd2 Bd6 29. Rg1 Re7 30. Kc2 Kd7 31. Rg6 Rf7 32. Rf5 Ke7 33. h5 Rc8 34.
Bf2 Ne8 35. Kd3 Kf8 36. Re6 Rd8 37. Kc2 Rdd7 38. Bh4 Nc7 39. Rg6 Rxf5 40. exf5
Nd5 41. f6 gxf6 42. Bxf6 Ne3+ 43. Kb3 Nf5 44. Ne4 Bc7 45. Bh8 Ke7 46. Bg7 Rd3
47. Bxh6 Rh3 48. Bg5+ Kd7 49. Nc5+ 1-0

[Event "4NCL Division 1c"]
[Site "Telford, ENG"]
[Date "2019.03.17"]
[Round "8.22"]
[White "Hunt, Adam C"]
[Black "Notkevich, Benjamin Arvola"]
[Result "1/2-1/2"]
[WhiteElo "2397"]
[BlackElo "2512"]
[PlyCount "40"]
[EventDate "2019.03.17"]
[WhiteTeam "Blackthorne Russia"]
[BlackTeam "Wood Green"]

1. e4 c5 2. Nf3 Nc6 3. d4 cxd4 4. Nxd4 Nf6 5. Nc3 e5 6. Ndb5 d6 7. Bg5 a6 8.
Na3 b5 9. Bxf6 gxf6 10. Nd5 f5 11. c3 Bg7 12. Bd3 Be6 13. O-O O-O 14. Nc2 fxe4
15. Bxe4 f5 16. Nf4 Bd7 17. Bxc6 Bxc6 18. Ne6 Qh4 19. Nxf8 Rxf8 20. Nb4 Bb7
1/2-1/2

[Event "4NCL Division 1c"]
[Site "Telford, ENG"]
[Date "2019.03.17"]
[Round "8.23"]
[White "Taylor, Adam C"]
[Black "Bates, Richard A"]
[Result "1/2-1/2"]
[WhiteElo "2393"]
[BlackElo "2347"]
[PlyCount "110"]
[EventDate "2019.03.17"]
[WhiteTeam "Wood Green"]
[BlackTeam "Blackthorne Russia"]

1. Nf3 Nf6 2. g3 e6 3. Bg2 d5 4. O-O Be7 5. c4 O-O 6. b3 b6 7. cxd5 Nxd5 8. e4
Nf6 9. Nc3 Bb7 10. Qc2 c5 11. Bb2 Nc6 12. e5 Nd5 13. Nxd5 Qxd5 14. Ng5 Qxg2+
15. Kxg2 Nb4+ 16. Qe4 Bxe4+ 17. Nxe4 Nd3 18. Rab1 Rac8 19. f4 Rfd8 20. Nf2 b5
21. h4 h5 22. Nxd3 Rxd3 23. Bc1 b4 24. Rb2 Kh7 25. Rf3 Rcd8 26. Re3 Kg6 27. Kf3
Kf5 28. Rc2 a5 29. Rc4 R8d4 30. Bb2 Rxc4 31. Rxd3 Rc2 32. Rd7 Rxb2 33. Rxe7 Kg6
34. g4 hxg4+ 35. Kxg4 Rxa2 36. h5+ Kh7 37. Rxf7 Rxd2 38. Ra7 Rg2+ 39. Kh4 Rh2+
40. Kg4 Rg2+ 41. Kh4 Ra2 42. Rc7 a4 43. bxa4 b3 44. Rxc5 Rxa4 45. Rb5 Rxf4+ 46.
Kg3 Rf5 47. Rxb3 Rxe5 48. Rb6 Kh6 49. Kg4 Rg5+ 50. Kf4 Rf5+ 51. Kg4 Rg5+ 52.
Kf4 Kxh5 53. Rxe6 Rg1 54. Kf3 Kh4 55. Re8 Rf1+ 1/2-1/2

[Event "4NCL Division 1c"]
[Site "Telford, ENG"]
[Date "2019.03.17"]
[Round "8.24"]
[White "Hunt, Harriet V"]
[Black "Haria, Ravi"]
[Result "0-1"]
[WhiteElo "2424"]
[BlackElo "2430"]
[PlyCount "66"]
[EventDate "2019.03.17"]
[WhiteTeam "Blackthorne Russia"]
[BlackTeam "Wood Green"]

1. e4 e6 2. d4 d5 3. Nd2 Nf6 4. e5 Nfd7 5. Bd3 c5 6. c3 Nc6 7. Ne2 cxd4 8. cxd4
f6 9. exf6 Nxf6 10. Nf3 Bd6 11. O-O Qc7 12. h3 O-O 13. Be3 Bd7 14. Re1 Rae8 15.
Rc1 Qb8 16. a3 Re7 17. Qd2 Be8 18. Nh4 Ref7 19. f4 Ne4 20. Qc2 Ne7 21. Bxe4
dxe4 22. Qxe4 Bc6 23. Qxe6 Nd5 24. Bd2 Re8 25. Qg4 Nf6 26. Qg3 Ne4 27. Qd3 Nxd2
28. d5 Rd8 29. Qxd2 Bc7 30. Qb4 Rxd5 31. Rc4 Ba5 32. Qb3 Bxe1 33. Rxc6 Rd8 0-1

[Event "4NCL Division 1c"]
[Site "Telford, ENG"]
[Date "2019.03.17"]
[Round "8.25"]
[White "Harvey, Marcus R"]
[Black "Ansell, Simon T"]
[Result "1-0"]
[WhiteElo "2401"]
[BlackElo "2332"]
[PlyCount "131"]
[EventDate "2019.03.17"]
[WhiteTeam "Wood Green"]
[BlackTeam "Blackthorne Russia"]

1. d4 d5 2. Bg5 f6 3. Bf4 Nc6 4. e3 e5 5. Bg3 exd4 6. exd4 Qe7+ 7. Ne2 Bf5 8.
c3 O-O-O 9. Na3 Qe6 10. Nc2 Bd6 11. Ne3 Nge7 12. Bxd6 Qxd6 13. Nxf5 Nxf5 14.
Qd3 Nce7 15. g3 Kb8 16. Bh3 g6 17. O-O-O Rhe8 18. Nf4 Ng7 19. Rhe1 Nc8 20. Qf3
Nb6 21. Nd3 Nc4 22. Nc5 f5 23. Bf1 c6 24. h4 Nh5 25. b3 Nb6 26. Re3 Rxe3 27.
Qxe3 Nf6 28. Re1 Re8 29. Qxe8+ Nxe8 30. Rxe8+ Nc8 31. f4 a5 32. Kb2 b6 33. Nd3
Kb7 34. Ne5 Qc7 35. Re6 Nd6 36. Bg2 b5 37. Kc2 Qd8 38. Bf3 Kc7 39. Kd3 Qf8 40.
a3 Ne4 41. b4 axb4 42. Rxc6+ Kb7 43. Rb6+ Ka7 44. axb4 Qe8 45. Rc6 Kb7 46. Kc2
Qa8 47. Kb2 Qe8 48. Be2 Qxc6 49. Nxc6 Kxc6 50. g4 fxg4 51. Bxg4 Nf2 52. Be2 Nh3
53. f5 gxf5 54. Bd3 f4 55. Bf5 Nf2 56. Bxh7 f3 57. Kc2 Nh3 58. Kd2 Nf4 59. Bd3
f2 60. Bf1 Nh5 61. Ke3 Ng3 62. Kxf2 Ne4+ 63. Ke1 Kd6 64. Bxb5 Nxc3 65. Bd3 Na2
66. b5 1-0

[Event "4NCL Division 1c"]
[Site "Telford, ENG"]
[Date "2019.03.17"]
[Round "8.26"]
[White "Ledger, Andrew J"]
[Black "Cooper, Lawrence H"]
[Result "1/2-1/2"]
[WhiteElo "2338"]
[BlackElo "2336"]
[PlyCount "101"]
[EventDate "2019.03.17"]
[WhiteTeam "Blackthorne Russia"]
[BlackTeam "Wood Green"]

1. d4 d5 2. c4 c6 3. Nc3 Nf6 4. e3 g6 5. Nf3 Bg7 6. Be2 O-O 7. O-O Bg4 8. cxd5
cxd5 9. Qb3 b6 10. h3 Bxf3 11. Bxf3 e6 12. Be2 Nc6 13. Ba6 Ne8 14. Qa4 Ne7 15.
Bd2 Nc7 16. Be2 e5 17. dxe5 Bxe5 18. Rfd1 Qd6 19. Rac1 Rfd8 20. Be1 Qf6 21. Bf3
a6 22. Qb3 Rab8 23. Rc2 Kg7 24. Ne2 h5 25. Bc3 Rd7 26. Rcd2 Bxc3 27. Nxc3 Rbd8
28. Ne2 Rd6 29. Qc3 Qxc3 30. Nxc3 f5 31. h4 Kf7 32. g3 Ke6 33. Ne2 Ke5 34. Rc1
Ne6 35. Nf4 d4 36. Nxe6 Kxe6 37. exd4 Rxd4 38. Re1+ Kf7 39. Rde2 R8d7 40. Kg2
Rd2 41. a4 a5 42. b3 Rxe2 43. Bxe2 Rd6 44. Bc4+ Kf6 45. f4 Nd5 46. Re8 Rd7 47.
Kf3 Rd6 48. Rb8 Nc7 49. Rb7 Ne6 50. Ke3 Nd8 51. Rc7 1/2-1/2

[Event "4NCL Division 1c"]
[Site "Telford, ENG"]
[Date "2019.03.17"]
[Round "8.27"]
[White "McDonald, Neil"]
[Black "Ledger, Dave J"]
[Result "1-0"]
[WhiteElo "2411"]
[BlackElo "2260"]
[PlyCount "115"]
[EventDate "2019.03.17"]
[WhiteTeam "Wood Green"]
[BlackTeam "Blackthorne Russia"]

1. e4 e5 2. Nf3 Nc6 3. Bb5 Nf6 4. d3 Bc5 5. O-O d6 6. Be3 Bb6 7. Nbd2 O-O 8. c3
Ne7 9. d4 Ng6 10. h3 h6 11. Re1 c6 12. Bf1 exd4 13. cxd4 Re8 14. Qc2 Qe7 15.
Bd3 Nf8 16. Nc4 Bc7 17. Bd2 Be6 18. Na5 Bb6 19. b4 d5 20. e5 Ne4 21. Nb3 f5 22.
a4 a6 23. a5 Ba7 24. Nc5 Rac8 25. Nh2 Qh4 26. Be3 Rc7 27. f3 Ng3 28. Nf1 f4 29.
Bf2 Qg5 30. Nxg3 fxg3 31. Be3 Qh4 32. f4 Rf7 33. Rf1 Bc8 34. f5 Nh7 35. f6 Nf8
36. Rf4 Qh5 37. Raf1 g5 38. R4f3 Qh4 39. Qd2 Bg4 40. Rxg3 Qxg3 41. hxg4 Bxc5
42. bxc5 Qxg4 43. Bf5 Qh5 44. Rf3 g4 45. Rf1 g3 46. Bh3 Qg6 47. Qe2 Qe4 48. Qe1
Ne6 49. Qxg3+ Kh8 50. Bxe6 Rxe6 51. Qh3 Re8 52. Bxh6 Kg8 53. Rf4 Qb1+ 54. Kh2
Rh7 55. f7+ Rxf7 56. Rg4+ Kh8 57. Bg7+ Kg8 58. Qh8# 1-0

[Event "4NCL Division 1c"]
[Site "Telford, ENG"]
[Date "2019.03.17"]
[Round "8.28"]
[White "Eames, Robert S"]
[Black "Norinkeviciute, Rasa"]
[Result "1-0"]
[WhiteElo "2125"]
[BlackElo "1998"]
[PlyCount "61"]
[EventDate "2019.03.17"]
[WhiteTeam "Blackthorne Russia"]
[BlackTeam "Wood Green"]

1. d4 Nf6 2. c4 e6 3. Nf3 Bb4+ 4. Nbd2 d5 5. Qa4+ Nc6 6. a3 Be7 7. e3 Bd7 8.
Qc2 a5 9. b3 g6 10. Bd3 Bf8 11. O-O Bg7 12. Bb2 O-O 13. Rac1 Rc8 14. h3 Be8 15.
Bc3 Nd7 16. e4 dxe4 17. Nxe4 b6 18. Rcd1 Nf6 19. d5 exd5 20. cxd5 Nb8 21. Qb2
Nh5 22. Bxg7 Nxg7 23. Nf6+ Kh8 24. Ng5 Nd7 25. Ngxh7 Nxf6 26. Nxf6 c5 27. Qe5
Bd7 28. Qg5 Nf5 29. Bxf5 Kg7 30. Bxd7 Rc7 31. Nh5+ 1-0

[Event "4NCL Division 1c"]
[Site "Telford, ENG"]
[Date "2019.03.17"]
[Round "8.31"]
[White "Turner, Matthew J"]
[Black "Howell, David W L"]
[Result "0-1"]
[WhiteElo "2522"]
[BlackElo "2693"]
[PlyCount "106"]
[EventDate "2019.03.17"]
[WhiteTeam "Barbican 4NCL 1"]
[BlackTeam "Cheddleton 1"]

1. e4 c6 2. d4 d5 3. Nd2 dxe4 4. Nxe4 Nf6 5. Nxf6+ exf6 6. Bc4 Bd6 7. Qe2+ Be7
8. Nf3 O-O 9. O-O Bd6 10. Re1 Na6 11. Nh4 Nb4 12. c3 Nd5 13. Bxd5 cxd5 14. Qb5
a6 15. Qb3 b5 16. g3 Be6 17. Ng2 g5 18. f4 Bc7 19. a4 bxa4 20. Qxa4 a5 21. Qc2
Kh8 22. f5 Bd7 23. b3 Bd6 24. Ba3 Bc6 25. Qb2 a4 26. Bxd6 Qxd6 27. bxa4 Bxa4
28. Qa3 Qxa3 29. Rxa3 Bc2 30. Rea1 Rxa3 31. Rxa3 Bxf5 32. Ne3 Be4 33. Ra5 Rd8
34. g4 Kg7 35. Kf2 Kg6 36. Kg3 h5 37. h4 hxg4 38. Nxg4 Bf5 39. h5+ Kg7 40. Ne3
Be6 41. c4 dxc4 42. d5 Bd7 43. Nxc4 f5 44. Ra6 f4+ 45. Kf3 Bb5 46. Rd6 Re8 47.
h6+ Kh7 48. Nd2 Re2 49. Rb6 Rxd2 50. Rxb5 Kxh6 51. Rb6+ Kh5 52. Ke4 f5+ 53. Ke5
f3 0-1

[Event "4NCL Division 1c"]
[Site "Telford, ENG"]
[Date "2019.03.17"]
[Round "8.32"]
[White "Hawkins, Jonathan"]
[Black "Sanders, Isaac B"]
[Result "1-0"]
[WhiteElo "2563"]
[BlackElo "2355"]
[PlyCount "79"]
[EventDate "2019.03.17"]
[WhiteTeam "Cheddleton 1"]
[BlackTeam "Barbican 4NCL 1"]

1. Nf3 e6 2. e4 d5 3. exd5 exd5 4. d4 Nf6 5. Bd3 Bg4 6. O-O Be7 7. Bg5 O-O 8.
Nbd2 Nbd7 9. c3 c5 10. Qc2 c4 11. Bf5 Bxf5 12. Qxf5 g6 13. Qh3 Nh5 14. Bxe7
Qxe7 15. Rfe1 Qd6 16. b3 b5 17. a4 a6 18. Ne5 Nxe5 19. dxe5 Qe6 20. Qh4 f6 21.
bxc4 bxc4 22. Qd4 Rad8 23. Nf3 Ng7 24. Rad1 Qc6 25. a5 Nf5 26. Qb6 Qc8 27. Nd4
Nxd4 28. Qxd4 fxe5 29. Rxe5 Rf5 30. Re7 Rf7 31. Rde1 Qf5 32. f3 Qf6 33. Qb6 Rd6
34. Qc7 Rxe7 35. Rxe7 Kf8 36. Rxh7 Re6 37. Rd7 Re8 38. Qc5+ Kg8 39. Qxd5+ Kh8
40. Qxc4 1-0

[Event "4NCL Division 1c"]
[Site "Telford, ENG"]
[Date "2019.03.17"]
[Round "8.33"]
[White "Pigott, John C"]
[Black "Fodor, Tamas Jr"]
[Result "0-1"]
[WhiteElo "2389"]
[BlackElo "2528"]
[PlyCount "86"]
[EventDate "2019.03.17"]
[WhiteTeam "Barbican 4NCL 1"]
[BlackTeam "Cheddleton 1"]

1. c4 b6 2. Nc3 Bb7 3. e4 e6 4. Nf3 Nf6 5. Bd3 Bb4 6. e5 Ng4 7. O-O Nc6 8. Re1
d6 9. Be4 Ngxe5 10. Qa4 Bxc3 11. Nxe5 Bxe5 12. Bxc6+ Bxc6 13. Qxc6+ Kf8 14. Rd1
Bd4 15. a4 a5 16. Ra3 g6 17. Rf3 Kg7 18. d3 Qe7 19. Re1 e5 20. b3 Rae8 21. Qe4
f5 22. Qe2 h6 23. Rg3 Qf6 24. Bd2 f4 25. Rh3 h5 26. Kh1 Qf5 27. Rf1 Ref8 28.
Qf3 Rf7 29. Rh4 Qf6 30. Rh3 h4 31. Qe2 g5 32. f3 Qf5 33. Be1 c6 34. Qe4 Qxe4
35. fxe4 Kg6 36. g4 d5 37. Rhf3 h3 38. Bf2 dxe4 39. dxe4 Bxf2 40. R1xf2 Rd7 41.
Kg1 Rh4 42. Kf1 Rd1+ 43. Ke2 Rd4 0-1

[Event "4NCL Division 1c"]
[Site "Telford, ENG"]
[Date "2019.03.17"]
[Round "8.34"]
[White "Arkell, Keith C"]
[Black "Franklin, Samuel G A"]
[Result "1-0"]
[WhiteElo "2463"]
[BlackElo "2349"]
[PlyCount "163"]
[EventDate "2019.03.17"]
[WhiteTeam "Cheddleton 1"]
[BlackTeam "Barbican 4NCL 1"]

1. Nf3 Nf6 2. d4 g6 3. c4 Bg7 4. Nc3 O-O 5. g3 d6 6. Bg2 Nc6 7. O-O Rb8 8. Bf4
a6 9. a4 h6 10. a5 g5 11. Bc1 e5 12. dxe5 dxe5 13. Be3 Be6 14. Qa4 Qe7 15. Rfd1
Rfd8 16. h3 Rxd1+ 17. Rxd1 Rd8 18. Rxd8+ Qxd8 19. Nd2 Bd7 20. Qa1 Qe7 21. Nb3
Qb4 22. Qa4 Bf8 23. Qxb4 Bxb4 24. Na2 Be7 25. g4 Kf8 26. Kf1 Ke8 27. Ke1 Nb4
28. Nxb4 Bxb4+ 29. Bd2 Bxd2+ 30. Kxd2 Bc8 31. Nc5 c6 32. Nd3 Nd7 33. Be4 Nf6
34. Bg2 h5 35. gxh5 Nxh5 36. Nxe5 Nf4 37. Bf1 Bxh3 38. Bxh3 Nxh3 39. Nd3 Kd7
40. Nc5+ Kc7 41. Ke3 Nf4 42. Kf3 f5 43. e3 Ng6 44. Ne6+ Kd6 45. Nxg5 Ne5+ 46.
Kf4 Nxc4 47. Kxf5 Nxb2 48. Ne4+ Kd5 49. Nd2 Kd6 50. e4 Ke7 51. e5 Nd3 52. f4
Nc5 53. Nc4 Kf7 54. Nd6+ Ke7 55. Kg6 Ke6 56. Nf7 Ke7 57. f5 Nd7 58. Kg7 c5 59.
e6 Nf6 60. Ne5 Ne8+ 61. Kg6 Nc7 62. f6+ Kxe6 63. Nd3 c4 64. Nf4+ Kd6 65. f7 Ke7
66. Nd5+ Nxd5 67. Kg7 Kd6 68. f8=Q+ Kc6 69. Qc8+ Nc7 70. Qf5 Nd5 71. Kf7 b6 72.
axb6 Nxb6 73. Qa5 Nd5 74. Ke6 Nc7+ 75. Ke5 Nb5 76. Qb4 c3 77. Qc4+ Kb6 78. Kd5
Nc7+ 79. Kd4 Nb5+ 80. Kd3 a5 81. Qa4 Ka6 82. Kc4 1-0

[Event "4NCL Division 1c"]
[Site "Telford, ENG"]
[Date "2019.03.17"]
[Round "8.35"]
[White "Dorrington, Chris J"]
[Black "Astaneh Lopez, Alex"]
[Result "1/2-1/2"]
[WhiteElo "2309"]
[BlackElo "2427"]
[PlyCount "29"]
[EventDate "2019.03.17"]
[WhiteTeam "Barbican 4NCL 1"]
[BlackTeam "Cheddleton 1"]

1. e4 e5 2. Nc3 Nf6 3. f4 d5 4. fxe5 Nxe4 5. Nf3 Be7 6. d4 O-O 7. Bd3 f5 8.
exf6 Bxf6 9. O-O Nc6 10. Nxe4 dxe4 11. Bxe4 Nxd4 12. c3 Nxf3+ 13. Bxf3 Qxd1 14.
Rxd1 c6 15. Be3 1/2-1/2

[Event "4NCL Division 1c"]
[Site "Telford, ENG"]
[Date "2019.03.17"]
[Round "8.36"]
[White "Thorfinnsson, Bjorn"]
[Black "Griffiths, Ryan Rhys"]
[Result "1-0"]
[WhiteElo "2400"]
[BlackElo "2359"]
[PlyCount "83"]
[EventDate "2019.03.17"]
[WhiteTeam "Cheddleton 1"]
[BlackTeam "Barbican 4NCL 1"]

1. d4 Nf6 2. Nf3 e6 3. c4 b6 4. g3 Ba6 5. Qc2 Bb7 6. Bg2 c5 7. O-O cxd4 8. Nxd4
Bxg2 9. Kxg2 Qc8 10. b3 Qb7+ 11. Nf3 Be7 12. Ba3 Bxa3 13. Nxa3 a6 14. Rad1 O-O
15. Kg1 Rc8 16. Qd3 Rd8 17. Qd6 Ne4 18. Qf4 d6 19. Rd4 f5 20. Ng5 Nc6 21. Rxe4
fxe4 22. Qxe4 g6 23. Qxe6+ Kg7 24. Rd1 h6 25. Nf3 Qe7 26. Qd5 Rac8 27. Rd2 Qf6
28. Nc2 Rd7 29. Ne3 Ne7 30. Qd3 h5 31. h4 b5 32. Ng5 bxc4 33. Nxc4 d5 34. Ne4
Qe6 35. Qd4+ Kh6 36. Ng5 Qg4 37. e4 Nc6 38. Qd3 Re7 39. Qxd5 Rcc7 40. Ne3 Qc8
41. Qd6 Kg7 42. Nd5 1-0

[Event "4NCL Division 1c"]
[Site "Telford, ENG"]
[Date "2019.03.17"]
[Round "8.37"]
[White "Sowray, Peter J"]
[Black "Eggleston, David J"]
[Result "0-1"]
[WhiteElo "2370"]
[BlackElo "2394"]
[PlyCount "82"]
[EventDate "2019.03.17"]
[WhiteTeam "Barbican 4NCL 1"]
[BlackTeam "Cheddleton 1"]

1. d4 Nf6 2. c4 e6 3. Nc3 Bb4 4. e3 O-O 5. Bd3 d5 6. a3 Bxc3+ 7. bxc3 b6 8.
cxd5 exd5 9. Ne2 Ba6 10. Bxa6 Nxa6 11. Qd3 Qc8 12. f3 c5 13. O-O Re8 14. Ng3
Qb7 15. Bb2 Re6 16. e4 dxe4 17. fxe4 Nxe4 18. d5 c4 19. Qxc4 Nd2 20. Qd4 Nxf1
21. Nf5 Rg6 22. Rxf1 Re8 23. c4 Re2 24. Ng3 Re8 25. Nf5 f6 26. Bc1 Nc5 27. Nh4
Re4 28. Qf2 Rgg4 29. Nf5 Nd3 30. Qf3 Ne1 31. Qc3 Nxg2 32. Kh1 Rxc4 33. Nh6+
gxh6 34. Qxf6 Nf4 35. Qd8+ Kf7 36. h3 Rxc1 37. Rxc1 Nxd5 38. Kh2 Rg6 39. Rc8
Ne7 40. Qf8+ Ke6 41. Rc2 Qe4 0-1

[Event "4NCL Division 1c"]
[Site "Telford, ENG"]
[Date "2019.03.17"]
[Round "8.38"]
[White "Steil-Antoni, Fiona"]
[Black "Regan, Natasha K"]
[Result "1-0"]
[WhiteElo "2158"]
[BlackElo "1974"]
[PlyCount "83"]
[EventDate "2019.03.17"]
[WhiteTeam "Cheddleton 1"]
[BlackTeam "Barbican 4NCL 1"]

1. e4 e5 2. Bc4 Nf6 3. d3 c6 4. Nf3 Be7 5. O-O d6 6. c3 O-O 7. Bb3 Nbd7 8. Re1
a5 9. Nbd2 Nc5 10. Bc2 Ne8 11. d4 exd4 12. cxd4 Na6 13. Nf1 b5 14. Ng3 Nb4 15.
Bb1 d5 16. e5 f6 17. a3 Na6 18. Qc2 f5 19. Qxc6 Nac7 20. Bd2 g5 21. Rc1 Ra6 22.
Qc2 g4 23. Ne1 Bd7 24. Ba2 Kh8 25. Nd3 Rc6 26. Qd1 Ne6 27. Ne2 Rc4 28. Bxc4
dxc4 29. Ndf4 Ng5 30. d5 Ne4 31. Be3 Bc8 32. a4 bxa4 33. Rxc4 a3 34. bxa3 Ba6
35. Rxe4 fxe4 36. Ne6 Qd7 37. Nxf8 Bxf8 38. Nf4 Nc7 39. e6 Qd6 40. Bd4+ Bg7 41.
Bxg7+ Kxg7 42. Qxg4+ 1-0

[Event "4NCL Division 1c"]
[Site "Telford, ENG"]
[Date "2019.03.17"]
[Round "8.41"]
[White "Wells, Peter K"]
[Black "Antoniewski, Rafal"]
[Result "1/2-1/2"]
[WhiteElo "2411"]
[BlackElo "2505"]
[PlyCount "61"]
[EventDate "2019.03.17"]
[WhiteTeam "White Rose 1"]
[BlackTeam "Chess.com Manx Liberty 1"]

1. d4 Nf6 2. c4 e6 3. Nf3 b6 4. g3 Bb7 5. Bg2 Be7 6. O-O O-O 7. Nc3 Ne4 8. Bd2
Bf6 9. Rc1 c5 10. d5 exd5 11. cxd5 Nxd2 12. Nxd2 d6 13. f4 Na6 14. Nc4 Nc7 15.
Qd2 Re8 16. Kh1 Ba6 17. Ne4 Be7 18. g4 Bb7 19. Ng3 g6 20. g5 Ba6 21. e4 Bf8 22.
f5 Bxc4 23. Rxc4 Re5 24. h4 Be7 25. a4 h6 26. fxg6 fxg6 27. Qf4 Qf8 28. Qg4 Qc8
29. Qf4 Qf8 30. Qg4 Qc8 31. Qf4 1/2-1/2

[Event "4NCL Division 1c"]
[Site "Telford, ENG"]
[Date "2019.03.17"]
[Round "8.42"]
[White "Cyborowski, Lukasz"]
[Black "Palliser, Richard J D"]
[Result "1/2-1/2"]
[WhiteElo "2522"]
[BlackElo "2410"]
[PlyCount "103"]
[EventDate "2019.03.17"]
[WhiteTeam "Chess.com Manx Liberty 1"]
[BlackTeam "White Rose 1"]

1. Nf3 Nf6 2. d4 g6 3. Nbd2 Bg7 4. e4 d6 5. Bd3 O-O 6. O-O Nc6 7. c3 e5 8. Re1
Nh5 9. Nb3 a5 10. a4 Bd7 11. Bg5 f6 12. Be3 Qe8 13. Nbd2 Nd8 14. Qb3+ Kh8 15.
Bb5 Qe7 16. Bxd7 Qxd7 17. Qb5 Qe7 18. Nc4 exd4 19. Bxd4 Nf4 20. Rad1 Qe6 21. h3
c6 22. Qb3 b5 23. Ncd2 Qxb3 24. Nxb3 bxa4 25. Nc1 Nde6 26. Be3 d5 27. Bxf4 Nxf4
28. g3 Nxh3+ 29. Kg2 Ng5 30. exd5 Nxf3 31. Kxf3 cxd5 32. Rxd5 f5 33. Nd3 Rfd8
34. Rxd8+ Rxd8 35. Nc5 a3 36. bxa3 Bxc3 37. Re3 Bd4 38. Rd3 Bf6 39. Rb3 Rd5 40.
Ne6 Kg8 41. Nf4 Rc5 42. Rb8+ Kf7 43. Rb7+ Be7 44. a4 g5 45. Nd3 Rc3 46. Ke3 Ra3
47. Kd4 Rxa4+ 48. Kd5 f4 49. Ne5+ Kf6 50. Rb6+ Kg7 51. Rb7 Kf6 52. Rb6+ 1/2-1/2

[Event "4NCL Division 1c"]
[Site "Telford, ENG"]
[Date "2019.03.17"]
[Round "8.43"]
[White "Adair, James R"]
[Black "Gonda, Laszlo"]
[Result "1-0"]
[WhiteElo "2475"]
[BlackElo "2530"]
[PlyCount "57"]
[EventDate "2019.03.17"]
[WhiteTeam "White Rose 1"]
[BlackTeam "Chess.com Manx Liberty 1"]

1. e4 e5 2. Nf3 Nc6 3. Bc4 Bc5 4. O-O Nf6 5. d3 h6 6. c3 d6 7. Re1 O-O 8. Nbd2
a5 9. Nf1 Be6 10. Bb5 Ne7 11. Ng3 Ng6 12. h3 d5 13. exd5 Nxd5 14. Nxe5 Bxf2+
15. Kxf2 Nxe5 16. d4 Ng6 17. Qf3 Nf6 18. Kg1 Nh4 19. Qf2 c6 20. Bd3 b5 21. Bxh6
Nd5 22. Bd2 Re8 23. Ne4 Nf5 24. Ng5 Qf6 25. Re5 Nh6 26. Qh4 Bd7 27. Rf1 Qd8 28.
Bh7+ Kh8 29. Bg6 1-0

[Event "4NCL Division 1c"]
[Site "Telford, ENG"]
[Date "2019.03.17"]
[Round "8.44"]
[White "Galyas, Miklos"]
[Black "McNab, Colin A"]
[Result "1/2-1/2"]
[WhiteElo "2494"]
[BlackElo "2416"]
[PlyCount "65"]
[EventDate "2019.03.17"]
[WhiteTeam "Chess.com Manx Liberty 1"]
[BlackTeam "White Rose 1"]

1. c4 d6 2. Nc3 e5 3. g3 g6 4. Bg2 Bg7 5. e4 Nc6 6. Nge2 Nd4 7. Nxd4 exd4 8.
Ne2 Ne7 9. d3 O-O 10. O-O a6 11. b4 b5 12. Bb2 c5 13. cxb5 axb5 14. Qc1 Bg4 15.
f3 Be6 16. bxc5 dxc5 17. Qxc5 Rc8 18. Qb4 Rc2 19. Nf4 Nc6 20. Qxb5 Qb8 21. Qxb8
Rxb8 22. Ba3 Bxa2 23. Rfc1 Rxc1+ 24. Rxc1 Rb1 25. Bf1 Rxc1 26. Bxc1 Ne5 27. Kg2
Bb1 28. Bb2 g5 29. Ne2 Bxd3 30. Bxd4 g4 31. Bxe5 gxf3+ 32. Kxf3 Bxe2+ 33. Bxe2
1/2-1/2

[Event "4NCL Division 1c"]
[Site "Telford, ENG"]
[Date "2019.03.17"]
[Round "8.45"]
[White "Chow, Samuel"]
[Black "Jaracz, Pawel"]
[Result "0-1"]
[WhiteElo "2336"]
[BlackElo "2464"]
[PlyCount "80"]
[EventDate "2019.03.17"]
[WhiteTeam "White Rose 1"]
[BlackTeam "Chess.com Manx Liberty 1"]

1. d4 d5 2. c4 c6 3. Nf3 Nf6 4. Nc3 e6 5. e3 a6 6. Bd3 dxc4 7. Bxc4 b5 8. Bb3
c5 9. O-O Bb7 10. Qe2 Nbd7 11. Rd1 Be7 12. d5 exd5 13. Nxd5 Bxd5 14. Bxd5 Nxd5
15. Rxd5 Qc7 16. e4 O-O 17. e5 Qc6 18. Rd1 Rfe8 19. Qc2 Rac8 20. a4 Nf8 21.
axb5 axb5 22. b3 Ne6 23. Be3 Red8 24. Ra7 Rxd1+ 25. Qxd1 Rd8 26. Qc2 Qe4 27.
Qc1 Bf8 28. h3 Rd3 29. Qb2 c4 30. Qc1 cxb3 31. Ra1 Qc4 32. Qb1 g6 33. Kh2 h6
34. Ra8 Rxe3 35. fxe3 Qc2 36. Nd2 Qxd2 37. Qxb3 b4 38. Ra6 Qc3 39. Qd5 Qxe3 40.
Rxe6 Qf4+ 0-1

[Event "4NCL Division 1c"]
[Site "Telford, ENG"]
[Date "2019.03.17"]
[Round "8.46"]
[White "Kolbus, Dietmar"]
[Black "Townsend, M Paul"]
[Result "1-0"]
[WhiteElo "2281"]
[BlackElo "2231"]
[PlyCount "79"]
[EventDate "2019.03.17"]
[WhiteTeam "Chess.com Manx Liberty 1"]
[BlackTeam "White Rose 1"]

1. c4 e6 2. Nf3 Nf6 3. g3 d5 4. b3 Be7 5. Bb2 O-O 6. Bg2 c5 7. O-O Nc6 8. cxd5
Nxd5 9. Nc3 Bf6 10. Qc1 b6 11. Nxd5 exd5 12. d4 Nxd4 13. Nxd4 cxd4 14. Qd2 Ba6
15. Bxd4 Bxd4 16. Qxd4 Bxe2 17. Rfe1 Re8 18. Rac1 Rc8 19. Qxd5 Rxc1 20. Rxc1
Ba6 21. Qxd8 Rxd8 22. Bf1 Rc8 23. Rd1 Bb7 24. Bg2 Ba6 25. Bf1 Bb7 26. f4 Bc6
27. Ba6 Ra8 28. Rc1 Be8 29. Rc7 Kf8 30. a4 h5 31. Kf2 Rd8 32. Ke3 Rd7 33. Rc8
Ke7 34. Bb5 Rd8 35. Rc7+ Kf6 36. Be2 h4 37. Rxa7 hxg3 38. hxg3 Bc6 39. Bc4 Be8
40. Ra6 1-0